| 000 | 00630nam a2200241 a 4500 | ||
|---|---|---|---|
| 001 | BS0001461 | ||
| 003 | BR-BrBNA | ||
| 005 | 20230418191739.0 | ||
| 008 | 230308b |||||||| |||| 00| 0 por d | ||
| 040 |
_aBR-BrBNA _bpor _cBiblioteca Nacional de Agricultura |
||
| 041 | _apor | ||
| 072 | _aD50 | ||
| 090 | _aD50 BS0001461 | ||
| 100 | 1 | _aPorto, W.C. | |
| 245 | 1 | _aEleições e partidos / | |
| 260 | 3 |
_aBrasília, DF: _bMinistério da Justiça, _c1983. |
|
| 300 | _a492 p. | ||
| 650 | _aDIREITO ELEITORAL | ||
| 650 | _aELEIÇÕES | ||
| 650 | _aPARTIDOS POLÍTICOS | ||
| 909 |
_a202304 _bSergio Santos _c56 _dSergio Santos |
||
| 942 | _cBK | ||
| 999 |
_c6521 _d6521 |
||